Central Library OPAC University of Rajshahi

অথর্ববেদ / (Record no. 40576)

MARC details
000 -LEADER
fixed length control field 00905nam a2200229 a 4500
001 - CONTROL NUMBER
control field 40576
003 - CONTROL NUMBER IDENTIFIER
rucl marc code BD-RjUL
005 - DATE AND TIME OF LATEST TRANSACTION
control field 20211209053237.0
008 - FIXED-LENGTH DATA ELEMENTS--GENERAL INFORMATION
fixed length control field 160504m19781992ii ||||| |||| 00| 0 ben d
020 ## - INTERNATIONAL STANDARD BOOK NUMBER
Terms of availability : Tk.70.00
035 ## - SYSTEM CONTROL NUMBER
System control number (BD-RjUL)40691
040 ## - CATALOGING SOURCE
Original cataloging agency BD-RjUL
Language of cataloging ben
Transcribing agency BD-RjUL
041 ## - LANGUAGE CODE
Language code of text/sound track or separate title ben
082 ## - DEWEY DECIMAL CLASSIFICATION NUMBER
Edition number 23
Classification number 294.5921
Author mark and year ATH 1992
245 00 - TITLE STATEMENT
Title অথর্ববেদ /
Statement of responsibility, etc. অনুবাদ ও সম্পাদনাঃ শ্রীবিজনবিহারী গোস্বামী
260 ## - PUBLICATION, DISTRIBUTION, ETC. (IMPRINT)
Place of publication, distribution, etc. কলকাতা :
Name of publisher, distributor, etc. হরফ প্রকাশনী,
Date of publication, distribution, etc. ১৯৭৮, [মুদ্রণ ১৯৯২].
300 ## - PHYSICAL DESCRIPTION
Pagination ৪৭৭ পৃ. ;
Size ২১ সেমি.
650 ## - SUBJECT ADDED ENTRY--TOPICAL TERM
Topical term or geographic name as entry element বেদ
9 (RLIN) 124873
Topical term or geographic name as entry element Vedas
9 (RLIN) 118536
700 ## - ADDED ENTRY--PERSONAL NAME
Personal name গোস্বামী, শ্রীবিজনবিহারী, অনুবাদ ও সম্পাদনা
942 ## - ADDED ENTRY ELEMENTS (KOHA)
Source of classification or shelving scheme Dewey Decimal Classification
Koha item type Books
Holdings
Lost status Source of classification or shelving scheme Damaged status Not for loan Collection code Permanent Location Current Location Shelving location Date acquired Source of acquisition Cost, normal purchase price Total Checkouts Full call number Date last seen Copy number Koha item type Date checked out
  Dewey Decimal Classification   Not For Loan Non-fiction Central Library, University of Rajshahi Central Library, University of Rajshahi Reading Room 27/08/1996 Bangla, Raj 434.00   B 294.5921 ATH 1992 04/05/2016 C-1 Books  
  Dewey Decimal Classification     Non-fiction Central Library, University of Rajshahi Central Library, University of Rajshahi   27/08/1996 Bangla, Raj 434.00   B 294.5921 ATH 1992 04/05/2016 C-2 Books  
  Dewey Decimal Classification     Non-fiction Central Library, University of Rajshahi Central Library, University of Rajshahi   26/05/1996 Trisa katho, Raj 151.37   B 294.5921 ATH 1992 04/05/2016 C-3 Books  
  Dewey Decimal Classification     Non-fiction Central Library, University of Rajshahi Central Library, University of Rajshahi   26/05/1996 Trisa katho, Raj 151.37 1 B 294.5921 ATH 1992 07/10/2018 C-4 Books 25/09/2018
  Dewey Decimal Classification     Non-fiction Central Library, University of Rajshahi Central Library, University of Rajshahi   26/05/1996 Trisa katho, Raj 151.37   B 294.5921 ATH 1992 04/05/2016 C-5 Books  
  Dewey Decimal Classification     Non-fiction Central Library, University of Rajshahi Central Library, University of Rajshahi   26/05/1996 Trisha Photo. Rajshahi   2 B 294.5921 ATH 1992 28/08/2017 C-6 Books 20/08/2017